Central Library OPAC University of Rajshahi

ললিতা / (Record no. 78029)

MARC details
000 -LEADER
fixed length control field 00810nam a22002417a 4500
001 - CONTROL NUMBER
control field 78029
003 - CONTROL NUMBER IDENTIFIER
rucl marc code BD-RjUL
005 - DATE AND TIME OF LATEST TRANSACTION
control field 20211209083059.0
008 - FIXED-LENGTH DATA ELEMENTS--GENERAL INFORMATION
fixed length control field 210308s1979 bg ||||| |||| 00| 0 eng d
035 ## - SYSTEM CONTROL NUMBER
System control number (BD-RjUL)78255
040 ## - CATALOGING SOURCE
Original cataloging agency BD-RjUL
Language of cataloging eng
Transcribing agency BD-RjUL
041 ## - LANGUAGE CODE
Language code of text/sound track or separate title ben
082 ## - DEWEY DECIMAL CLASSIFICATION NUMBER
Edition number 23
Classification number 891.443
Author mark and year PRL 1979
100 ## - MAIN ENTRY--PERSONAL NAME
Personal name প্রেমচান্দ
9 (RLIN) 245671
245 10 - TITLE STATEMENT
Title ললিতা /
Statement of responsibility, etc. প্রেমচান্দ ; অনুবাদ জাফর আলম
250 ## - EDITION STATEMENT
Edition statement ২য় সং.
260 ## - PUBLICATION, DISTRIBUTION, ETC. (IMPRINT)
Place of publication, distribution, etc. ঢাকা :
Name of publisher, distributor, etc. মুক্তধারা,
Date of publication, distribution, etc. ১৯৭৯
300 ## - PHYSICAL DESCRIPTION
Pagination ৯৩ পৃ.;
Size ২২ সেমি.
650 ## - SUBJECT ADDED ENTRY--TOPICAL TERM
Topical term or geographic name as entry element বাংলা ছোট গল্প
9 (RLIN) 245672
Topical term or geographic name as entry element Bengali short story
9 (RLIN) 245673
700 ## - ADDED ENTRY--PERSONAL NAME
Personal name আলম, জাফর
942 ## - ADDED ENTRY ELEMENTS (KOHA)
Source of classification or shelving scheme Dewey Decimal Classification
Koha item type Books
Holdings
Lost status Source of classification or shelving scheme Damaged status Not for loan Collection code Permanent Location Current Location Shelving location Date acquired Source of acquisition Cost, normal purchase price Total Checkouts Full call number Date last seen Copy number Koha item type
  Dewey Decimal Classification   Not For Loan Fiction Central Library, University of Rajshahi Central Library, University of Rajshahi Reading Room 05/06/1980 Muktadhara 5.06   B 891.443 PRL 1979 08/03/2021 C-1 Books